Định mức dự toán xây dựng công trình - Phần xây dựng Công bố kèm theo văn bản số 1776/BXD-VP ngày 16/8/2007 của Bộ xây dựng

Nội dung: Công tác chuẩn bị mặt bằng xây dựng, công tác đào, đắp đất, đá, cát, đóng cọc, ép cọc, nhổ cọc, khoan tạo lỗ cọc khoan nhồi, công tác làm đường, xây gạch đá, bê tông tại chỗ, công tác sản xuất và lắp dựng cấu kiện bê tông đu...

Volledige beschrijving

Bewaard in:
Bibliografische gegevens
Hoofdauteur: Bộ xây dựng
Formaat: Boek
Taal:Undetermined
Gepubliceerd in: H. Xây dựng 2011
Onderwerpen:
Online toegang:http://lrc.tdmu.edu.vn/opac/search/detail.asp?aID=2&ID=17059
Tags: Voeg label toe
Geen labels, Wees de eerste die dit record labelt!
Thư viện lưu trữ: Trung tâm Học liệu Trường Đại học Thủ Dầu Một
LEADER 01339nam a2200217Ia 4500
001 TDMU_17059
008 210410s9999 xx 000 0 und d
082 |a 624.029 
090 |b B450 
100 |a Bộ xây dựng 
245 0 |a Định mức dự toán xây dựng công trình - Phần xây dựng 
245 0 |b Công bố kèm theo văn bản số 1776/BXD-VP ngày 16/8/2007 của Bộ xây dựng 
245 0 |c Bộ xây dựng 
260 |a H. 
260 |b Xây dựng 
260 |c 2011 
300 |a 577tr. 
520 |a Nội dung: Công tác chuẩn bị mặt bằng xây dựng, công tác đào, đắp đất, đá, cát, đóng cọc, ép cọc, nhổ cọc, khoan tạo lỗ cọc khoan nhồi, công tác làm đường, xây gạch đá, bê tông tại chỗ, công tác sản xuất và lắp dựng cấu kiện bê tông đúc sẵn, cấu kiện gỗ, cấu kiện sắt thép và các công tác khác.; XD049 Dự toán công trình ; XD050 Bài tập lớn Dự toán công trình 
650 |a Xây dựng  |x Định mức 
856 |u http://lrc.tdmu.edu.vn/opac/search/detail.asp?aID=2&ID=17059 
980 |a Trung tâm Học liệu Trường Đại học Thủ Dầu Một